000 00971nam a2200265 i 4500
001 8357
003 KOSZ 005
005 20220523141843.0
008 070608s1969 pl a g 000 0 pol
015 _aPB 1972/215
040 _aWA N
_cKOSZ 005/RW
_dKOSZ 005/RW
080 _a159.95
100 1 _aWłodarski, Ziemowit
_d(1925-2014)
_eAutor
245 1 0 _aCo i dlaczego pamiętamy :
_bo wybiórczości procesów pamięci /
_cZiemowit Włodarski.
260 _aWarszawa :
_b"Nasza Księgarnia",
_c1969.
300 _a164, [4] s. :
_bil. ;
_c19 cm.
380 _aKsiążki.
490 1 _aBiblioteka Psychologii Wychowawczej.
504 _aBibliogr. s. 163-[165].
650 4 _aPamięć wybiórcza
710 2 _aInstytut Wydawniczy "Nasza Księgarnia"
_4pbl.
856 _uhttp://koha.tu.koszalin.pl/cgi-bin/koha/opac-detail.pl?biblionumber=8357
_yKatalog online BPK
830 0 _aBiblioteka Psychologii Wychowawczej
942 _2UKD
_cKS
999 _c8357
_d8357